00454 a2200169 450000100060000002000150000604000240002124000330004524500280007830000080010636200060011444000130012065000240013394200070015795201030016499900170026768793 a8574882070 cAnchieta - Itaigara10aClássicos para sonharlpor10aClássicos para sonhar a1190 a0 1aGirassol 4aLiteratura infantil cBK 00104070a88.1b88.1d2023-11-21l0oLI 028.5 CLAp495/ITAr2023-11-21 20:03:05w2023-11-21yBK c68793d68793